Porovnaní sportovní přípravy mladých volejbalistů v ČSSR a SSSR

Podrobná bibliografia
Hlavný autor: Mazal, Ferdinand (Autor)
Médium: Článok
Jazyk:čeština
Fyzický popis:Tb. 1.
Predmet:

MARC

LEADER 00000nab a2200000 a 4500
001 vtls000157677
003 SK-MaSNL
005 20260303192723.0
008 160201c1983 xo 0 cze
015 |a SNBRB19rr/mm-uuuuu 
035 |a CL0167784 
040 |a SNKBUCL  |b slo  |c SNKBUCL  |e AACR2 
041 0 |a cze 
044 |a xo  |c SK 
080 |a 796.325.015.1-053.66  |2 1981 
100 1 |a Mazal, Ferdinand  |4 aut  |9 627976 
245 1 0 |a Porovnaní sportovní přípravy mladých volejbalistů v ČSSR a SSSR  |c Ferdinand Mazal 
300 |b Tb. 1. 
650 0 7 |a volejbal  |2 snkbucl  |9 3294 
655 7 |a články z novín a časopisov  |2 snkbucl  |9 267496 
773 0 |t Tréner  |g Roč. 27, č. 6 (1983), s. 260-263 
850 |a Slovenská národná knižnica v Martine  |a MTA001 
852 |a SNK  |b KIS3GCP 
958 |a RK 
958 |a CZ 
992 |a RBX 
999 |c 2148341  |d 2150271